Between social housing and the market: developing and managing market renting schemes by housing associations (Record no. 102627)

MARC details
000 -LEADER
fixed length control field 01115cam a2200229 4500
008 - FIXED-LENGTH DATA ELEMENTS--GENERAL INFORMATION
fixed length control field 030124n2003 000 0 eng u
020 ## - INTERNATIONAL STANDARD BOOK NUMBER
International Standard Book Number 1842191322
035 ## - SYSTEM CONTROL NUMBER
System control number (Sirsi) u121120
041 ## - LANGUAGE CODE
Language code of text/sound track or separate title eng.
100 ## - MAIN ENTRY--PERSONAL NAME
Personal name Goodchild, Barry
245 ## - TITLE STATEMENT
Title Between social housing and the market: developing and managing market renting schemes by housing associations
260 ## - PUBLICATION, DISTRIBUTION, ETC.
Place of publication, distribution, etc. London
Name of publisher, distributor, etc. RICS
Date of publication, distribution, etc. 2003
300 ## - PHYSICAL DESCRIPTION
Extent 24p.
Dimensions 30cm.
350 ## - PRICE (NR) (BK AM CF MU VM SE) [OBSOLETE]
Price 10.50
520 ## - SUMMARY, ETC.
Summary, etc. Provides an account of activity by housing associations in the field of market renting, based largely on discussions of senior staff in housing associations and with relevant financial advisers. Aims to review the prospects for housing associations in providing market rent schemes, which have been developed with the benefit of private funds and let at full market rent. This project was supported by the Joseph Rowntree Foundation, and sponsored by RICS.
650 ## - SUBJECT ADDED ENTRY--TOPICAL TERM
Topical term or geographic name entry element HOUSING ASSOCIATIONS
650 ## - SUBJECT ADDED ENTRY--TOPICAL TERM
Topical term or geographic name entry element MARKET RENT HOUSING
690 ## - LOCAL SUBJECT ADDED ENTRY--TOPICAL TERM (OCLC, RLIN)
Topical term or geographic name as entry element Affordable housing
9 (RLIN) 6215
700 ## - ADDED ENTRY--PERSONAL NAME
Personal name Syms, Paul
710 ## - ADDED ENTRY--CORPORATE NAME
Corporate name or jurisdiction name as entry element Joseph Rowntree Foundation
9 (RLIN) 2318
942 ## - ADDED ENTRY ELEMENTS (KOHA)
Suppress in OPAC 0
Holdings
Withdrawn status Lost status Source of classification or shelving scheme Damaged status Not for loan Home library Current library Shelving location Date acquired Total Checkouts Full call number Barcode Date last seen Copy number Price effective from Koha item type Date last checked out
    Dewey Decimal Classification     London London RICS Boxes 27/02/2003   RICS 2003/6 30068398 06/08/2019 1 06/08/2019 Archive  
    Dewey Decimal Classification     London London RICS Boxes 27/02/2003 8 RICS 2003/6 30068412 06/08/2019 3 06/08/2019 Reference material 28/03/2006
    Dewey Decimal Classification     London London RICS Boxes 27/02/2003 2 RICS 2003/6 30068409 06/08/2019 4 06/08/2019 Book 13/01/2009
    Dewey Decimal Classification     Virtual Virtual Online 28/03/2003   ONLINE PUBLICATION 121120-4001 06/08/2019 1 06/08/2019 Book